| 000 | 01406nam a2200349Ia 4500 | ||
|---|---|---|---|
| 001 | ebr10178435 | ||
| 003 | CaPaEBR | ||
| 006 | m u | ||
| 007 | cr cn||||||||| | ||
| 008 | 041213s2005 ctua sb 001 0 eng d | ||
| 010 | _z 2004029501 | ||
| 020 | _z9780300127850 | ||
| 020 | _z0300106807 (clothbound : alk. paper) | ||
| 040 |
_aCaPaEBR _cCaPaEBR |
||
| 035 | _a(OCoLC)163575143 | ||
| 050 | 1 | 4 |
_aPR878.R4 _bB76 2005eb |
| 082 | 0 | 4 |
_a823/.80912 _222 |
| 100 | 1 |
_aBrooks, Peter, _d1938- |
|
| 245 | 1 | 0 |
_aRealist vision _h[electronic resource] / _cPeter Brooks. |
| 260 |
_aNew Haven : _bYale University Press, _cc2005. |
||
| 300 |
_a255 p. : _bill. |
||
| 504 | _aIncludes bibliographical references (p. [231]-241) and index. | ||
| 533 |
_aElectronic reproduction. _bPalo Alto, Calif. : _cebrary, _d2011. _nAvailable via World Wide Web. _nAccess may be limited to ebrary affiliated libraries. |
||
| 650 | 0 |
_aEnglish fiction _y19th century _xHistory and criticism. |
|
| 650 | 0 | _aRealism in literature. | |
| 650 | 0 |
_aFrench fiction _y19th century _xHistory and criticism. |
|
| 650 | 0 |
_aComparative literature _xEnglish and French. |
|
| 650 | 0 |
_aComparative literature _xFrench and English. |
|
| 655 | 7 |
_aElectronic books. _2local |
|
| 710 | 2 | _aebrary, Inc. | |
| 856 | 4 | 0 |
_uhttp://site.ebrary.com/lib/rucke/Doc?id=10178435 _zAn electronic book accessible through the World Wide Web; click to view |
| 999 |
_c140850 _d140850 |
||